ბათუმის შოთა რუსთაველის სახელმწიფო უნივერსიტეტის ბიბლიოთეკა

The Atomic Bomb: (ბიბ.ჩანაწერი № 63968)

000 -LEADER
fixed length control field 00715nam a22002057a 4500
005 - DATE AND TIME OF LATEST TRANSACTION
control field 20260227151856.0
008 - FIXED-LENGTH DATA ELEMENTS--GENERAL INFORMATION
fixed length control field 260227s2015 enk||||| |||| 00| 0 eng d
020 ## - INTERNATIONAL STANDARD BOOK NUMBER
International Standard Book Number 9780873327732x
041 ## - LANGUAGE CODE
Language code of text/sound track or separate title eng
080 ## - UNIVERSAL DECIMAL CLASSIFICATION NUMBER
Universal Decimal Classification number 94(520) : 327 The-44
245 ## - TITLE STATEMENT
Title The Atomic Bomb:
Remainder of title Voices from Hiroshima and Nagasaki
Statement of responsibility, etc. Editor Kyoko Selden, Mark Selden.
264 ## - PRODUCTION, PUBLICATION, DISTRIBUTION, MANUFACTURE, AND COPYRIGHT NOTICE
Place of production, publication, distribution, manufacture London :
Name of producer, publisher, distributor, manufacturer Routledge,
Date of production, publication, distribution, manufacture, or copyright notice 2015.
300 ## - PHYSICAL DESCRIPTION
Extent 258 p.;
Other physical details 23 cm.
653 ## - INDEX TERM--UNCONTROLLED
keyword ატომური ბომბი
653 ## - INDEX TERM--UNCONTROLLED
keyword ჰიროსიმა
653 ## - INDEX TERM--UNCONTROLLED
keyword ნაგასაკი
700 ## - ADDED ENTRY--PERSONAL NAME
Personal name Selden, Kyoko
Relator term რედაქტორი
9 (RLIN) 27017
700 ## - ADDED ENTRY--PERSONAL NAME
Personal name Selden, Mark
Relator term რედაქტორი
9 (RLIN) 27018
942 ## - ADDED ENTRY ELEMENTS (KOHA)
Source of classification or shelving scheme
Koha item type წიგნი
ეგზემპლარები
Withdrawn status Lost status Source of classification or shelving scheme Damaged status Not for loan Permanent Location Current Location Shelving location Date acquired Cost, normal purchase price Full call number Barcode Date last seen Copy number Uniform Resource Identifier Price effective from Koha item type Public note
          ბათუმის შოთა რუსთაველის სახელმწიფო უნივერსიტეტის მთავარი ბიბლიოთეკა ბათუმის შოთა რუსთაველის სახელმწიფო უნივერსიტეტის მთავარი ბიბლიოთეკა წიგნსაცავი 2026-02-27 18.00 94(520) : 327 The-44 73854 2026-02-27 73854 იაპონიის ელჩის საჩუქარი 2026-02-27 წიგნი 18 ლ.